Select Real Madrid Players - Statistics

General Stats
  • This quiz has been taken 87 times
  • The average score is 12 of 15
Answers on the Grid
Answers color-coded by a green-red scale on the quiz's grid according to % correct below.
Dani Carvajal
Michael Olise
Harry Kane
Jude Bellingham
Dani Ceballos
Pedri
Balde
Andre Lunin
Luka Modric
Raphina
Marcus Rashford
Virgil Van Dijk
Andre Ter Stegen
Federico Valverde
Lucas Vasquez
Jules Kounde
Arda Guler
Pau Cubarsi
Raul Asencio
Thibout Courtois
Erling Haaland
Vinicius Jr
Mo Salah
Alphonso Davies
Trent Alexander Arnold
Tchouameni
Endrick
Brahim Diaz
Dani Olmo
Kylian Mbappe
 
Answer Stats
Answer % Correct
Dani Carvajal
97%
Jude Bellingham
93%
Luka Modric
87%
Dani Ceballos
85%
Vinicius Jr
85%
Andre Lunin
84%
Federico Valverde
84%
Thibout Courtois
84%
Arda Guler
82%
Lucas Vasquez
81%
Endrick
76%
Raul Asencio
76%
Tchouameni
76%
Brahim Diaz
73%
Kylian Mbappe
73%
No matching quizzes found
Score Distribution
Percent of People with Each Score
Percentile by Number Answered
Your Score History
You have not taken this quiz